| 000 -LEADER |
| fixed length control field |
01640nam a2200313 a 4500 |
| 001 - CONTROL NUMBER |
| control field |
ASIN0745634567 |
| 003 - CONTROL NUMBER IDENTIFIER |
| control field |
OSt |
| 005 - DATE AND TIME OF LATEST TRANSACTION |
| control field |
20180116192421.0 |
| 008 - FIXED-LENGTH DATA ELEMENTS--GENERAL INFORMATION |
| fixed length control field |
140227s2005 xxu eng d |
| 020 ## - INTERNATIONAL STANDARD BOOK NUMBER |
| International Standard Book Number |
0745634567 (paperback) |
| Terms of availability |
$29.95 |
| 020 ## - INTERNATIONAL STANDARD BOOK NUMBER |
| International Standard Book Number |
9780745634562 (paperback) |
| 040 ## - CATALOGING SOURCE |
| Transcribing agency |
sada |
| 050 04 - LIBRARY OF CONGRESS CALL NUMBER |
| Classification number |
JC323 |
| 082 04 - DEWEY DECIMAL CLASSIFICATION NUMBER |
| Classification number |
320.12 |
| 100 1# - MAIN ENTRY--PERSONAL NAME |
| Personal name |
Hirst, Paul. |
| 9 (RLIN) |
7334 |
| 245 10 - TITLE STATEMENT |
| Title |
Space and power : |
| Remainder of title |
politics, war and architecture / |
| Statement of responsibility, etc. |
Paul Hirst. |
| 250 ## - EDITION STATEMENT |
| Edition statement |
1st ed. |
| 260 ## - PUBLICATION, DISTRIBUTION, ETC. |
| Place of publication, distribution, etc. |
[S.l.] : |
| Name of publisher, distributor, etc. |
Polity, |
| Date of publication, distribution, etc. |
2005. |
| 300 ## - PHYSICAL DESCRIPTION |
| Extent |
272 p. ; |
| Dimensions |
23 cm. |
| 520 ## - SUMMARY, ETC. |
| Summary, etc. |
Paul Hirst was one was one of the most original thinkers of his generation. This book is being published post-humously after his tragic death in 2003. Written with verve and lucidity, it is a scholarly account of the various ways in which space is configured by power, and in which space becomes a resource for power. Erudite and exciting, the book combines new and old theory in an imaginative, yet pragmatic, way. It is typical of Hirst's ability to make inspiriational leaps across theoretical and disciplinary boundaries, critically combining insights from social theory, politics, history and geography. This is an important, forward-looking book that will influence academic debate for many years to come. |
| 650 #0 - SUBJECT ADDED ENTRY--TOPICAL TERM |
| Topical term or geographic name entry element |
Architecture and war |
| 9 (RLIN) |
7335 |
| 650 #0 - SUBJECT ADDED ENTRY--TOPICAL TERM |
| Topical term or geographic name entry element |
Architecture--Political aspects |
| 9 (RLIN) |
7336 |
| 650 #0 - SUBJECT ADDED ENTRY--TOPICAL TERM |
| Topical term or geographic name entry element |
Boundaries |
| 9 (RLIN) |
7337 |
| 650 #0 - SUBJECT ADDED ENTRY--TOPICAL TERM |
| Topical term or geographic name entry element |
Power (Social sciences) |
| 9 (RLIN) |
7338 |
| 650 #0 - SUBJECT ADDED ENTRY--TOPICAL TERM |
| Topical term or geographic name entry element |
Space (Architecture) |
| 9 (RLIN) |
7339 |
| 650 #0 - SUBJECT ADDED ENTRY--TOPICAL TERM |
| Topical term or geographic name entry element |
War |
| 9 (RLIN) |
7340 |
| 856 40 - ELECTRONIC LOCATION AND ACCESS |
| Materials specified |
Amazon.com |
| Uniform Resource Identifier |
<a href="http://www.amazon.com/exec/obidos/ASIN/0745634567/chopaconline-20">http://www.amazon.com/exec/obidos/ASIN/0745634567/chopaconline-20</a> |
| 942 ## - ADDED ENTRY ELEMENTS (KOHA) |
| Source of classification or shelving scheme |
|
| Koha item type |
Book |